02202nam a2200325 i 4500001000700000003000700007005001700014007000300031008004100034017005000075020001800125035002200143035001300165040003900178080002100217100004300238245010100281250003900382264003400421300002600455336002200481337003000503338002400533490003200557520103400589655003001623700003201653830002701685852016401712193300SpMaBN20250712063137.0ta231031s2019 sp | |||| 000 f spa  aM 22662-2019bOficina Depósito Legal Madrid a9788416529766 a(OCoLC)1142870528 aa6655259 aSpMaBNbspacSpMaBNerdadES-MaACL a821.112.2-31"19"1 aSchernikau, Ronald M.,d1960-1991eaut10aKleinstadtnovelle :brelato de provincias /cRonald M. Shernikau ; traducción de Carlos Fortea aPrimera edición: septiembre 2019 1a[Madrid] :bGallo Nero,c2019 a79 páginas ;c19 cm aTexto2rdacontent asin mediación2rdamedia avolumen2rdacarrier1 aNarrativas Gallo Nero ;v56 a«Me acerco al futuro. estación zoo, el final, ¿un hermoso comienzo, un montón de mierda la capacidad de buscar, la voluntad de formar parte de una subcultura?» Publicada por primera vez en 1980 en una Alemania todavía dividida, Kleinstadtnovelle conquistó a toda una nación convirtiéndose rápidamente en un libro de culto y en un clásico de la literatura gay. Su autor, Ronald M. Schernikau, la escribió con diecinueve años y es imposible no detectar en ella un fuerte elemento autobiográfico. El protagonista, b., alter ego del autor, relata con pasión y vehemencia su rebeldía y la afirmación de su identidad sexual. Schernikau escribe con la fuerza emocional de quien intenta liberarse a sí mismo a través de la escritura, y lo hace de una forma instintiva y visceral. Su novela es un grito urgente y desesperado. El flujo de consciencia es ininterrumpido, nervioso y sin mayúsculas, colocándose así más allá de la gramática y también de las reglas y los prejuicios sociales. 7aNovelas autobiográficas1 aFortea, Carlos,d1963-etrl aNarrativas Gallo Nero  aES-MaACLbR.154716cDEPOJjN-9490hDonación: Carlos ForteaxEncuadernación rústica con solapaszIncluye marcapáginas con la fotografía de la cubierta